000 02316 a2200205 4500
001 54379
005 20260407155816.0
008 260407a1961 arg spa d
003 AR-UNSa-BCEJYS
040 _aAR-UNSa-BCEJYS
_bspa
_cAR-UNSa-BCEJYS
080 _a330.56
_xRenta nacional. Producto nacional neto
245 1 0 _aTeoría de la distribución de la renta
264 1 _aMadrid :
_bAguilar
_c1961
300 _a616 p.
_c22 cm.
505 _aI. Concepto de renta y distribución - 1. La renta nacional - 2. Las estadísticas del producto y de la renta nacionales - 3. Distribución - 4. Análisis gráfico de la distribución personal de la renta en los Estados Unidos - II. La función de producción y la productividad marginal - 5. Sobre la ley de las proporciones variables - 6. Producción y distribución a corto plazo - 7. La competencia monopolística y la teoría de la distribución según la productividad - 8. Significado del producto marginal - 9. Clasificación de los inventos - 10. Consideraciones acerca de las innovaciones - 11. Distribución de la renta nacional - III. Salarios - 12. Críticas de la teoría del salario - 13. Elasticidad de la demanda de renta en función del esfuerzo - 14. Una revisión de la teoría de la explotación - 15. La doctrina de la productividad marginal descontada - 16. Relaciones entre los salarios,los costes y los precios - 17. Relaciones entre la política de salarios y la política de precios - 18. Cambios en los salarios reales y monetarios - 19. Política de salarios de los sindicatos - IV. El interés - 20. Los mitos del capital - 21. El capital y el interés - 22. La teoría del tipo de interés - 23. Keynes y el tipo de interés - 24. Keynes y los "clásicos": Una posible interpretación - 25. Política monetaria y teoría del interés - 26. Estructura de los tipos de interés - V. El beneficio - 27. El beneficio - 28. Riesgo,incertidumbre e inutilidad de las probabilidades - 29. La empresa,los beneficios y la sociedad moderna - 30. Rendimiento del capital invertido en sociedades - VI. La renta - 31. Planteamiento histórico de la teoría de la renta y del precio - 32. Concepto del excedente económico
942 _cBK
590 _aniveau_biblio:m niveau_hierar:0
100 1 _aFellner, William
700 1 _aHaley, Bernard Francis
999 _c5539
_d5539